000
00375nam a22001577a 4500
003
MPLRDC
005
20220104123514.0
008
210129b ||||| |||| 00| 0 eng d
082
_a
225 CHFS
100
_a
慈航法师
245
_a
相宗十讲
_c
260
_a
_b
新时代出版社
_c
300
_b
平
650
_a
佛教佈教及信仰生活
942
_c
BK
_o
225 CHFS
999
_c
11965
_d
11955